| 000 | 00596nam a22001697a 4500 | ||
|---|---|---|---|
| 020 | _qHard Cover. | ||
| 082 | _a621.3 | ||
| 100 | _aRiaz, Sana | ||
| 245 |
_aDownlink Cooperative Non-Orthogonal Multiple Access with Different Power Allocations / _cSana Riaz. |
||
| 260 |
_aIslamabad: _bSEECS - NUST, _c2018. |
||
| 300 |
_a51 p. : _bill. ; _c30cm. _e+CD |
||
| 650 |
_aElectrical Engineering MS-Thesis. _916073 |
||
| 700 |
_aDr. Fahd Ahmed khan _926879 |
||
| 856 | _uhttp://10.250.8.41:8080/xmlui/handle/123456789/13235 | ||
| 942 |
_2ddc _cTHE |
||
| 999 |
_c533175 _d533175 |
||